000 00864nam a2200277 i 4500
001 6708
003 ES-MaACL
005 20230906145047.0
007 t|
008 900301s1989 sp ||||1| spa d
020 _a84-86104-29-7
080 _a159.964.2
100 1 _aUtrilla, Manuela.
_9112337
245 1 0 _aInteracciones terapeuticas
_b: fronteras psicoanaliticas /
_cManuela Utrilla, Serge Lebovici, Jacques Cosnier.
260 _aMadrid :
_bTecnipublicaciones,
_c1989.
300 _a185 p. ;
_c23 cm.
490 1 _aContinente-contenido ;
_v22
500 _aIndice.
504 _aBibliogr.: p. 179-185.
650 1 4 _aPsicoanálisis.
_916530
700 1 _aLebovici, Serge.
_971028
700 1 _aCosnier, Jacques.
_941001
830 0 _aContinente-contenido ;
_v22
_9177309
852 _aES-MaACL
_jL-13896
_bR.117500
_z. - rust.
999 _c6708
_d6708